Computers Ηλεκτρονικοί Υπολογιστές / Today and Tomorrow Σήμερα και Αύριο (Record no. 6370)
[ view plain ]
| 000 -LEADER | |
|---|---|
| fixed length control field | 01154cam a22001934a 4500 |
| 005 - ΗΜΕΡΟΜΗΝΙΑ ΚΑΙ ΩΡΑ ΤΕΛΕΥΤΑΙΑΣ ΕΝΗΜΕΡΩΣΗΣ | |
| Πεδίο ελέγχου | 20250605164240.0 |
| 008 - FIXED-LENGTH DATA ELEMENTS--GENERAL INFORMATION | |
| Πεδίο ελέγχου σταθερού μήκους | 250528s ||||||||||||||||||||||||d |
| 035 ## - SYSTEM CONTROL NUMBER | |
| System control number | 21305 |
| 020 ## - ISBN | |
| ISBN | 9789609312394 |
| 040 ## - ΠΗΓΗ ΚΑΤΑΛΟΓΟΓΡΑΦΗΣΗΣ | |
| Φορέας πρωτότυπης καταλογογράφησης | MC Athens Campus Library |
| Γλώσσα καταλογογράφησης | Ελληνικά, Μοντέρνα (1453-) |
| Modifying agency | MC Athens Campus Library |
| Κανόνες περιγραφικής καταλογογράφησης | AACR2 |
| 245 1# - ΤΙΤΛΟΣ ΚΑΙ ΔΗΛΩΣΗ ΥΠΕΥΘΥΝΟΤΗΤΑΣ | |
| Τίτλος | Computers Ηλεκτρονικοί Υπολογιστές / Today and Tomorrow Σήμερα και Αύριο |
| 250 ## - EDITION STATEMENT | |
| Edition statement | 1η |
| 260 ## - PUBLICATION, DISTRIBUTION, ETC. | |
| Name of publisher, distributor, etc. | Περλεπες, |
| Date of publication, distribution, etc. | 2009 |
| 520 ## - SUMMARY, ETC. | |
| Summary, etc. | Computer Arithmetic and Logic, Information Systems, Hardware, Software, Windows Operating System, Information Systems Networking, The Internet and Its Components, Implications of Use, Glossary, Αριθμητική και Λογική των Ηλεκτρονικών Υπολογιστών, Συστήματα Πληροφοριών, Υλικός Εξοπλισμός, Λογισμικός Εξοπλισμός, Λειτουργικό Σύστημα Παραθύρων, Δικτύωση Συστημάτων Πληροφοριών, Το Διαδίκτυο και τα Στοιχεία του, Γλωσσάριο. |
| 700 1# - ΠΡΟΣΘΕΤΗ ΑΝΑΓΡΑΦΗ--ΦΥΣΙΚΟ ΠΡΟΣΩΠΟ | |
| Personal name | Perlepes T.S. And E |
| 9 (RLIN) | 7358 |
| 942 ## - ADDED ENTRY ELEMENTS (KOHA) | |
| Koha item type | Books |
| Τύπος τεκμηρίου | Βιβλιοθήκη | Τρέχουσα τοποθεσία | Barcode | Αριθμός εισαγωγής | Ημερομηνία απόκτησης | Ταξιθετικό σύμβολο | Αριθμός αντιτύπου | Κατάσταση απόσυρσης | Κατάσταση χαμένου | Κατάσταση κατεστραμμένου | Μη δανεισμός | Σύνολο δανεισμών | Ημερομηνία τελευταίας εμφάνισης | Η τιμή ισχύει από |
|---|---|---|---|---|---|---|---|---|---|---|---|---|---|---|
| Books | MC Athens Campus Library | MC Athens Campus Library | 9780000063694 | 5452 | 05/06/2025 | 004 PER | 1 | 05/06/2025 | 05/06/2025 |